Normal view
MARC view
- Dance--Study and teaching.
Entry Topical Term
001 - CONTROL NUMBER
- control field: 37465
003 - CONTROL NUMBER IDENTIFIER
- control field: OSt
005 - DATE AND TIME OF LATEST TRANSACTION
- control field: 20190309161010.0
008 - FIXED-LENGTH DATA ELEMENTS
- fixed length control field: 190309|| aca||aabn | a|a d
040 ## - CATALOGING SOURCE
- Original cataloging agency: OSt
- Transcribing agency: OSt
150 ## - HEADING--TOPICAL TERM
- Topical term or geographic name entry element: Dance--Study and teaching.
670 ## - SOURCE DATA FOUND
- Source citation: Work cat.: (OSt): Ashley, Linda. 37464, Dancing with Difference :, ©2012.
